Efektívne riadenie

Salvato in:
Dettagli Bibliografici
Natura: Libro
Lingua:slovacco
Pubblicazione: Bratislava Práca 1988
Edizione:1. vyd.
Serie:Knižnica funkcionára Zv.3/88
Tags: Aggiungi Tag
Nessun Tag, puoi essere il primo ad aggiungerne!!

MARC

LEADER 00000nam a2200000 4500
001 c033365
005 20240723072502.0
041 0 |a slo 
044 |a SK 
245 1 0 |a Efektívne riadenie  |c Gavril Charitonovič Popov ; [Z rus. prel.] Juraj Kohlmann 
250 |a 1. vyd. 
264 1 |a Bratislava  |b Práca  |c 1988 
300 |a 419 s. 
490 1 |a Knižnica funkcionára  |v Zv.3/88 
830 0 |a Knižnica funkcionára  |v Zv.3/88